PHYSICAL FITNESS AND WELLNESS (Record no. 877139)

MARC details
000 -LEADER
fixed length control field 00361nam a2200145Ia 4500
008 - FIXED-LENGTH DATA ELEMENTS--GENERAL INFORMATION
fixed length control field 231004s2020 xx 000 0 und d
020 ## - INTERNATIONAL STANDARD BOOK NUMBER
International Standard Book Number 9788172165482
041 ## - LANGUAGE CODE
Language code of text/sound track or separate title eng
082 ## - DEWEY DECIMAL CLASSIFICATION NUMBER
Classification number 613.7
Item number REE
100 ## - MAIN ENTRY--PERSONAL NAME
Personal name REENA RANI
245 ## - TITLE STATEMENT
Title PHYSICAL FITNESS AND WELLNESS
260 ## - PUBLICATION, DISTRIBUTION, ETC.
Place of publication, distribution, etc. NEW DELHI
Name of publisher, distributor, etc. FRIENDS PUB.
Date of publication, distribution, etc. 2020
300 ## - PHYSICAL DESCRIPTION
Extent 252
650 ## - SUBJECT ADDED ENTRY--TOPICAL TERM
Topical term or geographic name entry element FITNESS & WELLNESS
Holdings
Withdrawn status Lost status Damaged status Not for loan Collection Home library Current library Shelving location Date acquired Cost, normal purchase price Total Checkouts Full call number Barcode Date last seen Date last checked out Price effective from Koha item type
        BPED College of Physical Education, Pune College of Physical Education, Pune R12/7 01/03/2022 695.00 1 613.7/REE PEP-BPED-5142 03/07/2024 06/02/2024 06/10/2023 Book